| 000 | 00607nam a2200181 a 4500 | ||
|---|---|---|---|
| 001 | 000040016 | ||
| 005 | 20201002033851.0 | ||
| 008 | 130802s2004 dr 000 0 spa d | ||
| 020 | _a9703204724 | ||
| 040 |
_aDO-SdBNP _bspa _cBNPHU |
||
| 100 | 1 |
_aSalarrué _d1899-1975 _92927 |
|
| 245 | 1 | 3 |
_aEl Cristo negro / _cSalarrué; introducción Philippe Ollé-Laprune. |
| 260 |
_aMéxico : _bUniversidad Nacional Autónoma de México, _c2004. |
||
| 300 |
_a41 p. ; _c18 cm. |
||
| 490 | 1 |
_aRelato Licenciado Vidriera _v13 |
|
| 700 | 1 |
_aOllé Laprune, Philippe _966246 |
|
| 830 | 0 |
_aRelato Licenciado Vidriera _v13 _966234 |
|
| 999 |
_c39506 _d39506 |
||